00498nam a2200205Ia 4500008004100000020001800041050001400059100001600073245004300089245003500132260001500167260001600182260000900198300001600207300002000223300001000243300002300253440000700276500000900283170918s9999 xx 000 0 und d a9780545116152 bB478 2011 aBenton, Jim aOkay, so maybe I do have superpowers / cby Jim Benton and Jamie Kelly. aNew York : bScholastic, c2011 a142 pages : billustrations ; c19cm. eDear dumb diary ;  a11 a1000